El tratamiento penal del hurto y robo de uso de vehc̕ulos a motor

Bibliographic Details
Main Author: Suarez Lopez, Jose Maria
Format: eBook
Language:Spanish
Published: Madrid: Dykinson, 2013
Subjects:
Online Access:Acceso restringido

MARC

LEADER 00000nam a22000007a 4500
005 2014060207327.0
007 cr|||| ||||
008 140602s2013 es |||||s|||| 00||0 spa d
020 |a 978-84-9031-450-0 
035 |a 12169 
040 |a vLex 
090 |c 4963  |d 4963 
100 1 |a Suarez Lopez, Jose Maria 
245 1 3 |a El tratamiento penal del hurto y robo de uso de vehc̕ulos a motor  |h [Recurso electrn̤ico] /  |c Jose Maria Suarez Lopez 
256 |a Servicio en ln̕ea 
260 |a Madrid:  |b Dykinson,  |c 2013 
300 |a 1 recurso electrn̤ico 
500 |a El presente libro aborda los problemas que genera el delito de hurto y robo de uso de vehc̕ulos a motor del artc̕ulo 244 del Texto punitivo y la falta del 623.3. El autor analiza los diversos interrogantes dogmt̀icos y polt̕ico criminales que presenta una infraccin̤ que ha sido objeto de ml︢tiples modificaciones desde que se incorpor ̤a la legislacin̤ espaǫla en 1950. Con esta perspectiva, trata con sumo detalle la incidencia que en la conducta tp̕ica tiene, o puede tener, la reforma introducida por la Ley Orgǹica 15/2003, de 25 de noviembre, que da lugar, nuevamente, a las principales cuestiones exegťicas del delito de utilizacin̤ ilegt̕ima de vehc̕ulos a motor del art. 516 bis del Cd̤igo Penal de 1944/73. Tambiň se lleva a cabo un profundo estudio doctrinal y jurisprudencial, con atractivas propuestas de lege ferenda y lega lata, de todos los elementos de los tipos del mencionado artc̕ulo 244 y de la falta del 623.3. Igualmente, es objeto de anl̀isis, en clave crt̕ica, el nuevo supuesto de comisin̤ reiterada de faltas del pr̀rafo segundo del nm︢ero 1 del artc̕ulo 244, del que se duda hasta de su vigencia. 
506 1 |a Disponible solo en los productos indicados  |d vLex Global  |d vLex Global (Academic Edition, excluding Law Schools)  |d vLex Global (U.S. Academic Edition, Law Schools)  |d vLex Global (U.S. Academic Edition, excluding Law Schools)  |d vLex Global (Academic Edition, Law Schools) 
650 0 4 |a Derecho Penal  |z Espaą 
740 0 |a vLex Libros (Servicio en ln̕ea) 
856 4 0 |u http://vlex.com/source/tratamiento-penal-del-hurto-y-robo-de-uso-de-vehiculos-a-motor-12169  |z Acceso restringido 
942 |c BOOK 
999 0 |a Criminal Law